[Event "BRA-ch (Women) 60th"]
[Site "Cuiaba"]
[Date "2021.10.29"]
[Round "3"]
[White "Ichimura G Barbosa, Larissa Yuki"]
[Black "Terao, Juliana Sayumi"]
[Result "1/2-1/2"]
[WhiteElo "2007"]
[BlackElo "2252"]
[PlyCount "67"]
[EventDate "2021.10.28"]
[EventType "swiss"]
[EventRounds "11"]
[EventCountry "BRA"]
[SourceTitle "CBM 205 Extra"]
[Source "ChessBase"]
[SourceDate "2022.01.31"]
[SourceVersion "1"]
[SourceVersionDate "2022.01.31"]
[SourceQuality "1"]

1. e4 c5 2. Nf3 e6 3. d4 cxd4 4. Nxd4 a6 5. Nc3 Qc7 6. g3 Bb4 7. Bd2 Nf6 8. Bg2 Nc6 9. Nb3 Be7 10. 0-0 d6 11. f4 b5 12. a3 Bb7 13. Qe2 0-0 14. g4 Nd7 15. g5 Nc5 16. Nxc5 Nd4 17. Qf2 dxc5 18. Ne2 f6 19. Nxd4 cxd4 20. gxf6 Rxf6 21. Bb4 Bxb4 22. axb4 e5 23. f5 Qc4 24. Qg3 Re8 25. c3 dxc3 26. Qxc3 Qxc3 27. bxc3 Rc8 28. Rfd1 Rxc3 29. Rd7 Rf7 30. Rd8+ Rf8 31. Rd7 Rf7 32. Rd8+ Rf8 33. Rd7 Rf7 34. Rd8+ 1/2-1/2

[Event "Sao Jose dos Campos op"]
[Site "Sao Jose dos Campos"]
[Date "2021.10.11"]
[Round "4"]
[White "Ichimura G Barbosa, Larissa Yuki"]
[Black "Rodrigues Mota, Romulo Cardoso S"]
[Result "1/2-1/2"]
[WhiteElo "2007"]
[BlackElo "1759"]
[PlyCount "95"]
[EventDate "2021.10.09"]
[EventType "swiss"]
[EventRounds "7"]
[EventCountry "BRA"]
[SourceTitle "CBM 204 Extra"]
[Source "ChessBase"]
[SourceDate "2021.11.30"]
[SourceVersion "1"]
[SourceVersionDate "2021.11.30"]
[SourceQuality "1"]

1. e4 c5 2. Nf3 d6 3. d4 cxd4 4. Nxd4 Nf6 5. Nc3 a6 6. h3 e5 7. Nde2 Be6 8. Bg5 Be7 9. Bxf6 Bxf6 10. Nd5 g6 11. Nxf6+ Qxf6 12. Qxd6 Nc6 13. c3 Rd8 14. Qc5 Qg5 15. f4 Qh6 16. g3 exf4 17. Nxf4 g5 18. Nxe6 Qxe6 19. Bg2 Rd3 20. 0-0 Rxg3 21. Kh2 Rd3 22. Rad1 Rxd1 23. Rxd1 Qxa2 24. e5 Qxb2 25. e6 Qe2 26. exf7+ Kxf7 27. Qf5+ Kg7 28. Rd7+ Ne7 29. Qxg5+ Kf7 30. Qd5+ Qe6 31. Qh5+ Qg6 32. Rxe7+ Kxe7 33. Qe5+ Kd7 34. Qxh8 Qd6+ 35. Kg1 Qc5+ 36. Kf1 Qf5+ 37. Ke2 Qc2+ 38. Kf3 Qd3+ 39. Kf4 Qd2+ 40. Kg3 Qg5+ 41. Kf2 Qd2+ 42. Kg1 Qe3+ 43. Kf1 Qc1+ 44. Ke2 Qc2+ 45. Kf3 Qd3+ 46. Kf4 Qd2+ 47. Kg3 Qg5+ 48. Kf2 1/2-1/2

[Event "Titled Tuesday intern op 14th Sept"]
[Site "Chess.com INT"]
[Date "2021.09.14"]
[Round "2"]
[White "Gallegos, Carlos"]
[Black "Ichimura G Barbosa, Larissa Yuki"]
[Result "1-0"]
[WhiteElo "2374"]
[BlackElo "2007"]
[PlyCount "27"]
[EventDate "2021.09.14"]
[EventType "swiss (blitz)"]
[EventRounds "11"]
[EventCountry "USA"]
[SourceTitle "EXT 2022"]
[Source "ChessBase"]
[SourceDate "2021.10.06"]
[SourceVersion "1"]
[SourceVersionDate "2021.10.06"]
[SourceQuality "1"]

1. e4 c5 2. Nc3 d6 3. f4 Nf6 4. Nf3 e6 5. Bb5+ Bd7 6. Qe2 Be7 7. e5 dxe5 8. fxe5 Nd5 9. Nxd5 exd5 10. e6 fxe6 11. Ne5 Nc6 12. Bxc6 bxc6 13. Qh5+ Kf8 14. Qf7# 1-0

[Event "Titled Tuesday intern op 14th Sept"]
[Site "Chess.com INT"]
[Date "2021.09.14"]
[Round "3"]
[White "Ichimura G Barbosa, Larissa Yuki"]
[Black "Samarth, J Rao"]
[Result "0-1"]
[WhiteElo "2007"]
[BlackElo "1664"]
[PlyCount "132"]
[EventDate "2021.09.14"]
[EventType "swiss (blitz)"]
[EventRounds "11"]
[EventCountry "USA"]
[SourceTitle "EXT 2022"]
[Source "ChessBase"]
[SourceDate "2021.10.06"]
[SourceVersion "1"]
[SourceVersionDate "2021.10.06"]
[SourceQuality "1"]

1. e4 c5 2. Nf3 d6 3. d4 cxd4 4. Nxd4 Nf6 5. Nc3 a6 6. h3 e5 7. Nde2 h5 8. Bg5 Be7 9. Bxf6 Bxf6 10. Nd5 Bg5 11. Nec3 Be6 12. Bc4 Nd7 13. 0-0 Rc8 14. Bb3 Nc5 15. Qf3 g6 16. Rad1 Nxb3 17. axb3 0-0 18. Rfe1 Kg7 19. Rd3 f5 20. Red1 fxe4 21. Qxe4 Bf5 22. Qb4 Bxd3 23. Rxd3 b5 24. Ne4 Rxc2 25. Ndc3 Be7 26. Nd5 Qd7 27. Nxe7 Qxe7 28. Rxd6 Rc1+ 29. Kh2 Qf7 30. Qd2 Qf4+ 31. Qxf4 Rxf4 32. Nc3 b4 33. Ne2 Rc2 34. Nxf4 exf4 35. Rxa6 Rxb2 36. Ra7+ Kf6 37. Ra6+ Kf5 38. Ra5+ Ke4 39. Ra6 Kf5 40. Ra5+ Kf6 41. Ra6+ Kg5 42. Ra5+ Kh6 43. f3 Rxb3 44. h4 Rb1 45. Rb5 b3 46. Rb6 Kg7 47. Rb7+ Kf6 48. Rb6+ Kf5 49. Rb5+ Ke6 50. Rb6+ Kd5 51. Rxg6 Kc5 52. Rg5+ Kc4 53. Rxh5 b2 54. Rh8 Rh1+ 55. Kxh1 b1Q+ 56. Kh2 Qe1 57. Rg8 Qxh4+ 58. Kg1 Kd3 59. Rg4 Qe1+ 60. Kh2 Qe5 61. Kg1 Ke2 62. Rh4 Qc5+ 63. Kh2 Kf2 64. Rh3 Qg5 65. g4 fxg3+ 66. Kh1 g2+ 0-1

[Event "Titled Tuesday intern op 14th Sept"]
[Site "Chess.com INT"]
[Date "2021.09.14"]
[Round "5"]
[White "Ichimura G Barbosa, Larissa Yuki"]
[Black "Thomas, Anysia"]
[Result "0-1"]
[WhiteElo "2007"]
[BlackElo "2137"]
[PlyCount "54"]
[EventDate "2021.09.14"]
[EventType "swiss (blitz)"]
[EventRounds "11"]
[EventCountry "USA"]
[SourceTitle "EXT 2022"]
[Source "ChessBase"]
[SourceDate "2021.10.06"]
[SourceVersion "1"]
[SourceVersionDate "2021.10.06"]
[SourceQuality "1"]

1. e4 c5 2. Nf3 Nc6 3. d4 cxd4 4. Nxd4 Nf6 5. Nc3 d6 6. Bc4 e6 7. 0-0 Be7 8. Bb3 0-0 9. Be3 Bd7 10. f4 a6 11. Qf3 Nxd4 12. Bxd4 Bc6 13. Rae1 b5 14. a3 Qc7 15. Qg3 a5 16. e5 dxe5 17. fxe5 Nd7 18. Ne4 Bxe4 19. Rxe4 Bc5 20. c3 Bxd4+ 21. cxd4 a4 22. Ba2 Nb6 23. Rg4 g6 24. Rh4 Rad8 25. Qh3 h5 26. Qg3 Nc4 27. Rg4 hxg4 0-1

[Event "Titled Tuesday intern op 14th Sept"]
[Site "Chess.com INT"]
[Date "2021.09.14"]
[Round "1"]
[White "Kislov, Oleg"]
[Black "Ichimura G Barbosa, Larissa Yuki"]
[Result "1-0"]
[WhiteElo "2249"]
[BlackElo "2007"]
[PlyCount "85"]
[EventDate "2021.09.14"]
[EventType "swiss (blitz)"]
[EventRounds "11"]
[EventCountry "USA"]
[SourceTitle "EXT 2022"]
[Source "ChessBase"]
[SourceDate "2021.10.06"]
[SourceVersion "1"]
[SourceVersionDate "2021.10.06"]
[SourceQuality "1"]

1. e4 c5 2. Nf3 d6 3. c3 Nf6 4. Be2 g6 5. 0-0 Bg7 6. Bb5+ Nc6 7. d4 a6 8. Bxc6+ bxc6 9. dxc5 Nxe4 10. cxd6 Qxd6 11. Qa4 Nc5 12. Qa3 0-0 13. Be3 Ne4 14. Qxd6 Nxd6 15. Nbd2 Rb8 16. b3 Bxc3 17. Rac1 Bxd2 18. Bxd2 Bb7 19. Ne5 Rbc8 20. Ba5 c5 21. Nd7 c4 22. Nxf8 Kxf8 23. Bb4 cxb3 24. axb3 Rxc1 25. Rxc1 Bd5 26. Bxd6 exd6 27. b4 Ke7 28. f3 Ke6 29. Kf2 Ke5 30. Ke3 h5 31. h4 f5 32. f4+ Ke6 33. g3 Kd7 34. Kd4 Bf3 35. Rc3 Be4 36. Ra3 Bb7 37. Kc4 Kc7 38. Re3 Kb6 39. Re6 Kc7 40. Rxg6 d5+ 41. Kc5 Kd7 42. Rg7+ Ke6 43. Rxb7 1-0

[Event "Titled Tuesday intern op 14th Sept"]
[Site "Chess.com INT"]
[Date "2021.09.14"]
[Round "4"]
[White "Sarkar, Justin"]
[Black "Ichimura G Barbosa, Larissa Yuki"]
[Result "1-0"]
[WhiteElo "2324"]
[BlackElo "2007"]
[PlyCount "105"]
[EventDate "2021.09.14"]
[EventType "swiss (blitz)"]
[EventRounds "11"]
[EventCountry "USA"]
[SourceTitle "EXT 2022"]
[Source "ChessBase"]
[SourceDate "2021.10.06"]
[SourceVersion "1"]
[SourceVersionDate "2021.10.06"]
[SourceQuality "1"]

1. e4 c5 2. Nf3 d6 3. d4 cxd4 4. Bb5+ Bd7 5. Bxd7+ Qxd7 6. Nxd4 Nf6 7. Nc3 Nc6 8. 0-0 g6 9. Nde2 Bg7 10. Bg5 0-0 11. Qd2 Rac8 12. Rad1 Ne5 13. b3 Qc7 14. Rc1 Qa5 15. Rfd1 h6 16. Bxf6 Bxf6 17. Nd5 Qxd2 18. Nxf6+ exf6 19. Rxd2 Rc6 20. c4 Re8 21. f3 a5 22. Rcd1 a4 23. Rxd6 axb3 24. axb3 Kg7 25. Nc3 Ra8 26. f4 Rxd6 27. Rxd6 Nc6 28. Na4 Re8 29. Nc5 Na5 30. Rb6 Re7 31. Rb5 Nc6 32. Rxb7 Re8 33. b4 Nd4 34. Kf2 f5 35. e5 Ra8 36. b5 Ra2+ 37. Ke3 Nc2+ 38. Kd3 Na3 39. Ne6+ Kg8 40. Rb8+ Kh7 41. Nd8 Rxg2 42. b6 Rg1 43. b7 Rd1+ 44. Ke2 Rd7 45. Nc6 Nxc4 46. Ke1 Nb6 47. Na5 Nd5 48. Ra8 Rxb7 49. Nxb7 Nxf4 50. Nd6 Nd3+ 51. Kf1 Nxe5 52. Re8 Kg7 53. Rxe5 1-0

[Event "Titled Tuesday intern op 07th Sept"]
[Site "Chess.com INT"]
[Date "2021.09.07"]
[Round "7"]
[White "Do Valle Cardoso, Lucas"]
[Black "Ichimura G Barbosa, Larissa Yuki"]
[Result "1-0"]
[WhiteElo "2285"]
[BlackElo "2007"]
[PlyCount "114"]
[EventDate "2021.09.07"]
[EventType "swiss (blitz)"]
[EventRounds "11"]
[EventCountry "USA"]
[SourceTitle "EXT 2022"]
[Source "ChessBase"]
[SourceDate "2021.10.06"]
[SourceVersion "1"]
[SourceVersionDate "2021.10.06"]
[SourceQuality "1"]

1. e4 c5 2. d4 cxd4 3. Nf3 Nc6 4. Nxd4 d6 5. Nc3 Nf6 6. Bc4 e6 7. Bb3 a6 8. f4 Be7 9. f5 Nxd4 10. Qxd4 exf5 11. exf5 Bxf5 12. 0-0 Bg6 13. Bf4 0-0 14. Rad1 Rc8 15. Bxd6 Bxd6 16. Qxd6 Qa5 17. Qe7 b5 18. Rxf6 gxf6 19. Nd5 b4 20. Qxf6 Qc5+ 21. Kf1 Rce8 22. Qd4 Qxd4 23. Rxd4 a5 24. Nf6+ Kg7 25. Nxe8+ Rxe8 26. Rd5 Rc8 27. Rxa5 Bxc2 28. Ra4 Bxb3 29. axb3 Rc1+ 30. Kf2 Rc2+ 31. Kf3 Rxb2 32. Rxb4 Kg6 33. h4 h5 34. Rb6+ f6 35. g3 Rb1 36. Rb8 Rf1+ 37. Ke4 Re1+ 38. Kd5 Rd1+ 39. Kc5 Rc1+ 40. Kb5 Rc3 41. b4 Kf5 42. Rg8 Rc1 43. Ka6 Ra1+ 44. Kb6 Rb1 45. b5 Ke6 46. Kc6 Rc1+ 47. Kb7 Kd7 48. b6 Rb1 49. Ka7 Ra1+ 50. Kb8 Rb1 51. b7 Rb3 52. Rg7+ Kd6 53. Kc8 Rc3+ 54. Kd8 Rb3 55. Rd7+ Kc6 56. Rc7+ Kd6 57. Kc8 f5 1-0

[Event "Titled Tuesday intern op 07th Sept"]
[Site "Chess.com INT"]
[Date "2021.09.07"]
[Round "2"]
[White "Ichimura G Barbosa, Larissa Yuki"]
[Black "Terletsky, Oleg"]
[Result "0-1"]
[WhiteElo "2007"]
[BlackElo "2164"]
[PlyCount "30"]
[EventDate "2021.09.07"]
[EventType "swiss (blitz)"]
[EventRounds "11"]
[EventCountry "USA"]
[SourceTitle "EXT 2022"]
[Source "ChessBase"]
[SourceDate "2021.10.06"]
[SourceVersion "1"]
[SourceVersionDate "2021.10.06"]
[SourceQuality "1"]

1. e4 e5 2. Nf3 Nc6 3. Bb5 a6 4. Ba4 Nf6 5. d3 b5 6. Bb3 Be7 7. 0-0 d6 8. a4 Bg4 9. h3 Bxf3 10. Qxf3 Nd4 11. Qd1 Nxb3 12. cxb3 c5 13. axb5 axb5 14. Nc3 b4 15. Ne2 Rxa1 0-1

[Event "Titled Tuesday intern op 31st Aug"]
[Site "Chess.com INT"]
[Date "2021.08.31"]
[Round "6"]
[White "Ichimura G Barbosa, Larissa Yuki"]
[Black "Vifleemskaia, Svetlana"]
[Result "0-1"]
[WhiteElo "2007"]
[BlackElo "1926"]
[PlyCount "50"]
[EventDate "2021.08.31"]
[EventType "swiss (blitz)"]
[EventRounds "11"]
[EventCountry "USA"]
[SourceTitle "EXT 2022"]
[Source "ChessBase"]
[SourceDate "2021.10.06"]
[SourceVersion "1"]
[SourceVersionDate "2021.10.06"]
[SourceQuality "1"]

1. e4 e5 2. Nf3 Nc6 3. Bb5 a6 4. Ba4 Nf6 5. 0-0 b5 6. Bb3 Be7 7. Re1 d6 8. c3 0-0 9. h3 Nd7 10. d4 Bf6 11. a4 Bb7 12. Be3 Na5 13. Nbd2 Nxb3 14. Qxb3 c6 15. Nf1 g6 16. Ng3 Bg7 17. Nh2 d5 18. Ng4 c5 19. dxc5 d4 20. cxd4 exd4 21. Nh6+ Kh8 22. Bf4 Qf6 23. Bd6 Bxh6 24. e5 Qe6 25. Bxf8 Qxb3 0-1

[Event "Titled Tuesday intern op 31st Aug"]
[Site "Chess.com INT"]
[Date "2021.08.31"]
[Round "3"]
[White "Ichimura G Barbosa, Larissa Yuki"]
[Black "Viskelis, Darius"]
[Result "0-1"]
[WhiteElo "2007"]
[BlackElo "2206"]
[PlyCount "64"]
[EventDate "2021.08.31"]
[EventType "swiss (blitz)"]
[EventRounds "11"]
[EventCountry "USA"]
[SourceTitle "EXT 2022"]
[Source "ChessBase"]
[SourceDate "2021.10.06"]
[SourceVersion "1"]
[SourceVersionDate "2021.10.06"]
[SourceQuality "1"]

1. e4 c5 2. Nf3 g6 3. d4 cxd4 4. Nxd4 Bg7 5. c4 Nc6 6. Be3 Nf6 7. Nc3 Qa5 8. Qd2 Nxe4 9. Nxe4 Qxd2+ 10. Nxd2 Bxd4 11. Bxd4 Nxd4 12. 0-0-0 d6 13. Ne4 Ne6 14. c5 Nxc5 15. Nxc5 dxc5 16. Bb5+ Kf8 17. Rd8+ Kg7 18. Rhd1 Be6 19. Rxh8 Rxh8 20. Bd7 Rd8 21. Bxe6 Rxd1+ 22. Kxd1 fxe6 23. Kd2 Kf6 24. Kc3 Ke5 25. Kc4 Kd6 26. Kb5 e5 27. Kc4 a6 28. a4 b6 29. b3 Kc6 30. f3 b5+ 31. axb5+ axb5+ 32. Kd3 Kd5 0-1

[Event "Titled Tuesday intern op 31st Aug"]
[Site "Chess.com INT"]
[Date "2021.08.31"]
[Round "4"]
[White "Li, Hui"]
[Black "Ichimura G Barbosa, Larissa Yuki"]
[Result "1-0"]
[WhiteElo "1967"]
[BlackElo "2007"]
[PlyCount "83"]
[EventDate "2021.08.31"]
[EventType "swiss (blitz)"]
[EventRounds "11"]
[EventCountry "USA"]
[SourceTitle "EXT 2022"]
[Source "ChessBase"]
[SourceDate "2021.10.06"]
[SourceVersion "1"]
[SourceVersionDate "2021.10.06"]
[SourceQuality "1"]

1. e4 e6 2. d4 d5 3. Nd2 Nf6 4. e5 Nfd7 5. Bd3 c5 6. c3 Nc6 7. Ne2 cxd4 8. cxd4 f6 9. exf6 Nxf6 10. 0-0 Bd6 11. Nf3 Qc7 12. g3 0-0 13. Bf4 Nh5 14. Bxd6 Qxd6 15. Nc3 Bd7 16. Re1 Nf6 17. Ne5 Be8 18. Bb5 Bh5 19. Be2 Bxe2 20. Rxe2 Rae8 21. f4 Nd7 22. Nxc6 bxc6 23. Rc1 c5 24. Na4 c4 25. b3 Qa6 26. Rec2 Nf6 27. Nc5 Qb6 28. bxc4 dxc4 29. Rxc4 Nd5 30. Nd7 Qd6 31. Nxf8 Rxf8 32. Rc8 Qa6 33. Rxf8+ Kxf8 34. Qc2 Kf7 35. f5 Qb6 36. fxe6+ Qxe6 37. Qf2+ Kg8 38. Re1 Qd7 39. Qe2 Nf6 40. Qe6+ Qxe6 41. Rxe6 Kf7 42. Ra6 1-0

[Event "Titled Tuesday intern op 27th July"]
[Site "Chess.com INT"]
[Date "2021.07.27"]
[Round "9"]
[White "Ichimura G Barbosa, Larissa Yuki"]
[Black "Joubert, Dantelle"]
[Result "1-0"]
[WhiteElo "2007"]
[BlackElo "1566"]
[PlyCount "89"]
[EventDate "2021.07.27"]
[EventType "swiss (blitz)"]
[EventRounds "11"]
[EventCountry "USA"]
[SourceTitle "CBM 203 Extra"]
[Source "ChessBase"]
[SourceDate "2021.09.30"]
[SourceVersion "1"]
[SourceVersionDate "2021.09.30"]
[SourceQuality "1"]

1. e4 d5 2. exd5 Nf6 3. c4 c6 4. d4 cxd5 5. Nc3 Nc6 6. Nf3 a6 7. cxd5 Nxd5 8. Bc4 e6 9. 0-0 Be7 10. Re1 0-0 11. a3 Bf6 12. Ne4 b5 13. Nxf6+ Nxf6 14. Bd3 h6 15. Bf4 Bb7 16. Ne5 Nxd4 17. Ng4 Nxg4 18. Qxg4 Qf6 19. Be5 Qg5 20. Qxg5 hxg5 21. Bxd4 Rfd8 22. Be4 Bxe4 23. Rxe4 f5 24. Rxe6 Rxd4 25. Re5 Rad8 26. h3 R8d5 27. Re6 Rd6 28. Re8+ Kf7 29. Ra8 Rd3 30. Rc1 Rd1+ 31. Rxd1 Rxd1+ 32. Kh2 Rd6 33. Kg3 Kf6 34. f3 Kg6 35. Ra7 Kh6 36. h4 gxh4+ 37. Kxh4 g5+ 38. Kg3 Kg6 39. Ra8 Kf6 40. Rf8+ Ke5 41. Re8+ Kd4 42. Rf8 f4+ 43. Kg4 Rd5 44. Rf6 a5 45. Rf5 1-0

[Event "Titled Tuesday intern op 27th July"]
[Site "Chess.com INT"]
[Date "2021.07.27"]
[Round "5"]
[White "Manukian, Artak"]
[Black "Ichimura G Barbosa, Larissa Yuki"]
[Result "1-0"]
[WhiteElo "2196"]
[BlackElo "2007"]
[PlyCount "113"]
[EventDate "2021.07.27"]
[EventType "swiss (blitz)"]
[EventRounds "11"]
[EventCountry "USA"]
[SourceTitle "CBM 203 Extra"]
[Source "ChessBase"]
[SourceDate "2021.09.30"]
[SourceVersion "1"]
[SourceVersionDate "2021.09.30"]
[SourceQuality "1"]

1. e4 c5 2. Nf3 d6 3. Bb5+ Bd7 4. Bxd7+ Qxd7 5. c4 Nc6 6. Nc3 g6 7. d4 cxd4 8. Nxd4 Bg7 9. Be3 Nf6 10. f3 0-0 11. 0-0 Ne5 12. b3 Rac8 13. a4 Nc6 14. Qd2 Ne8 15. Rfd1 Nc7 16. Nxc6 bxc6 17. Bxa7 Nd5 18. exd5 Qxa7+ 19. Kh1 c5 20. Nb5 Qa6 21. Ra2 Rb8 22. Qe3 Qa5 23. Re2 Qb4 24. Rb1 Be5 25. f4 Bf6 26. g4 h6 27. Kg2 Kg7 28. Qd2 Ra8 29. Qxb4 cxb4 30. Rd1 Ra5 31. Kg3 Rc8 32. h4 g5 33. hxg5 hxg5 34. fxg5 Be5+ 35. Kg2 Kg6 36. Rh1 Kxg5 37. Kf3 Rg8 38. Re4 Rg6 39. Nd4 Rf6+ 40. Ke2 Bxd4 41. Rxd4 Rf4 42. Rxf4 Kxf4 43. Rf1+ Kxg4 44. Rxf7 e5 45. dxe6 Re5+ 46. Kd3 Rxe6 47. a5 Re1 48. a6 Rb1 49. Kc2 Ra1 50. a7 Ra2+ 51. Kd3 Ra3 52. Kd4 Kg5 53. Kd5 Kg6 54. Rb7 Kf6 55. Kxd6 Ra6+ 56. Kc5 Ke6 57. Rb6+ 1-0

[Event "Titled Tuesday intern op 20th July"]
[Site "Chess.com INT"]
[Date "2021.07.20"]
[Round "5"]
[White "Jakubowska, Anna"]
[Black "Ichimura G Barbosa, Larissa Yuki"]
[Result "1-0"]
[WhiteElo "2073"]
[BlackElo "2007"]
[PlyCount "99"]
[EventDate "2021.07.20"]
[EventType "swiss (blitz)"]
[EventRounds "11"]
[EventCountry "USA"]
[SourceTitle "CBM 203 Extra"]
[Source "ChessBase"]
[SourceDate "2021.09.30"]
[SourceVersion "1"]
[SourceVersionDate "2021.09.30"]
[SourceQuality "1"]

1. e4 c5 2. Nf3 d6 3. d4 cxd4 4. Nxd4 Nf6 5. Nc3 a6 6. h3 e5 7. Nb3 Be6 8. Bg5 Nbd7 9. Be2 h6 10. Bxf6 Nxf6 11. Qd2 d5 12. exd5 Nxd5 13. Nxd5 Qxd5 14. 0-0-0 Qxd2+ 15. Rxd2 Be7 16. Bf3 Bg5 17. Bxb7 Ra7 18. Bc6+ Ke7 19. Kb1 Bxd2 20. Nxd2 Rc8 21. Bf3 Rac7 22. c3 Bf5+ 23. Kc1 Rd8 24. Re1 Kf6 25. g4 Bg6 26. Be4 Rcd7 27. Nc4 Bxe4 28. Rxe4 Rd1+ 29. Kc2 Rf1 30. Re2 e4 31. b4 Rdd1 32. Ne3 Rc1+ 33. Kb3 Rh1 34. c4 Rxh3 35. c5 Ke6 36. a4 Kd7 37. Kb2 Rhh1 38. Nc2 Rb1+ 39. Kc3 Rh3+ 40. Kc4 Rc1 41. b5 axb5+ 42. axb5 Kc7 43. Rd2 e3 44. fxe3 Rxe3 45. b6+ Kb7 46. Rd7+ Kc8 47. Rc7+ Kb8 48. Kd4 Re2 49. Nb4 Rd2+ 50. Ke3 1-0

[Event "Titled Tuesday intern op 20th July"]
[Site "Chess.com INT"]
[Date "2021.07.20"]
[Round "7"]
[White "Mogirzan, Matei Valeriu"]
[Black "Ichimura G Barbosa, Larissa Yuki"]
[Result "1-0"]
[WhiteElo "1813"]
[BlackElo "2007"]
[PlyCount "39"]
[EventDate "2021.07.20"]
[EventType "swiss (blitz)"]
[EventRounds "11"]
[EventCountry "USA"]
[SourceTitle "CBM 203 Extra"]
[Source "ChessBase"]
[SourceDate "2021.09.30"]
[SourceVersion "1"]
[SourceVersionDate "2021.09.30"]
[SourceQuality "1"]

1. e4 c5 2. Nf3 d6 3. d4 cxd4 4. Nxd4 Nf6 5. Nc3 a6 6. Bg5 Nbd7 7. f4 h6 8. Bxf6 Nxf6 9. e5 dxe5 10. fxe5 Ng4 11. e6 Bxe6 12. Nxe6 Qxd1+ 13. Rxd1 fxe6 14. Bd3 Ne5 15. Be4 Rd8 16. Rxd8+ Kxd8 17. Bxb7 Nc4 18. Bxa6 Nxb2 19. 0-0 g5 20. Rb1 1-0

[Event "Titled Tuesday intern op 20th July"]
[Site "Chess.com INT"]
[Date "2021.07.20"]
[Round "9"]
[White "Novikova, Galina"]
[Black "Ichimura G Barbosa, Larissa Yuki"]
[Result "0-1"]
[WhiteElo "2073"]
[BlackElo "2007"]
[PlyCount "56"]
[EventDate "2021.07.20"]
[EventType "swiss (blitz)"]
[EventRounds "11"]
[EventCountry "USA"]
[SourceTitle "CBM 203 Extra"]
[Source "ChessBase"]
[SourceDate "2021.09.30"]
[SourceVersion "1"]
[SourceVersionDate "2021.09.30"]
[SourceQuality "1"]

1. e4 c5 2. Nf3 d6 3. d4 cxd4 4. Nxd4 Nf6 5. Nc3 a6 6. f3 e5 7. Nb3 Be6 8. Be3 Nbd7 9. Qd2 Rc8 10. 0-0-0 h5 11. Kb1 b5 12. Be2 Be7 13. Rhg1 Qc7 14. g4 hxg4 15. fxg4 b4 16. Nd5 Bxd5 17. exd5 Rxh2 18. Rh1 Ne4 19. Qd3 Rxh1 20. Rxh1 Ndc5 21. Bxc5 Nxc5 22. Rh8+ Bf8 23. Qf5 g6 24. Qf3 Nxb3 25. Qxb3 Qc5 26. Qa4+ Ke7 27. Qxa6 Qxc2+ 28. Ka1 Qc1# 0-1

[Event "Titled Tuesday intern op 13th July"]
[Site "Chess.com INT"]
[Date "2021.07.13"]
[Round "11"]
[White "Fernandez Madrid, Carlos"]
[Black "Ichimura G Barbosa, Larissa Yuki"]
[Result "0-1"]
[WhiteElo "2118"]
[BlackElo "2007"]
[PlyCount "76"]
[EventDate "2021.07.13"]
[EventType "swiss (blitz)"]
[EventRounds "11"]
[EventCountry "USA"]
[SourceTitle "CBM 203 Extra"]
[Source "ChessBase"]
[SourceDate "2021.09.30"]
[SourceVersion "1"]
[SourceVersionDate "2021.09.30"]
[SourceQuality "1"]

1. c4 Nf6 2. Nf3 g6 3. g3 Bg7 4. Bg2 0-0 5. 0-0 d6 6. d4 Nc6 7. Nc3 e5 8. d5 Ne7 9. Bg5 h6 10. Bd2 Nd7 11. Qc1 Kh7 12. e4 f5 13. Nh4 Nc5 14. exf5 Bxf5 15. Nxf5 Nxf5 16. b4 Na6 17. Rb1 Nd4 18. Be3 Nf5 19. Bd2 c5 20. b5 Nc7 21. Ne4 Nd4 22. Qd1 Ne8 23. Be3 Nf6 24. Bxd4 exd4 25. Qd3 Ng4 26. h3 Ne5 27. Qd2 Nxc4 28. Qf4 Rxf4 29. gxf4 Qh4 30. Rbc1 Na3 31. Nxd6 Qxf4 32. Nxb7 Be5 33. Rfe1 Rf8 34. Re2 Qxc1+ 35. Bf1 Qf4 36. Bg2 d3 37. Rxe5 Qxe5 38. Nxc5 d2 0-1

[Event "Titled Tuesday intern op 13th July"]
[Site "Chess.com INT"]
[Date "2021.07.13"]
[Round "6"]
[White "Ichimura G Barbosa, Larissa Yuki"]
[Black "Mirzanurov, Bulat"]
[Result "1/2-1/2"]
[WhiteElo "2007"]
[BlackElo "2238"]
[PlyCount "143"]
[EventDate "2021.07.13"]
[EventType "swiss (blitz)"]
[EventRounds "11"]
[EventCountry "USA"]
[SourceTitle "CBM 203 Extra"]
[Source "ChessBase"]
[SourceDate "2021.09.30"]
[SourceVersion "1"]
[SourceVersionDate "2021.09.30"]
[SourceQuality "1"]

1. e4 c5 2. Nf3 d6 3. d4 cxd4 4. Nxd4 Nf6 5. Nc3 a6 6. h3 e5 7. Nde2 h5 8. Bg5 Be7 9. Bxf6 Bxf6 10. Nd5 Nc6 11. Nec3 Bg5 12. Bc4 Be6 13. 0-0 g6 14. Qd3 0-0 15. Rad1 Nd4 16. f4 Be7 17. f5 Bxd5 18. Bxd5 Kg7 19. Ne2 Bf6 20. c3 Nxe2+ 21. Qxe2 Qb6+ 22. Kh1 Rad8 23. Qc4 Rc8 24. Qb3 Qxb3 25. Bxb3 Rc7 26. Rxd6 Rd8 27. Rxd8 Bxd8 28. fxg6 fxg6 29. Rd1 Be7 30. Rd5 Kf6 31. Kg1 b5 32. Kf1 Rc5 33. Ke2 Rxd5 34. Bxd5 a5 35. Bc6 b4 36. cxb4 axb4 37. Kd3 g5 38. Kc4 h4 39. Bd7 Bd6 40. Kb3 Ke7 41. Bf5 Kf6 42. a3 Ke7 43. axb4 Kd8 44. Kc4 Kc7 45. Kb5 Be7 46. b3 Bf8 47. Ka5 Kc6 48. b5+ Kb7 49. Be6 Bc5 50. Bd5+ Kc7 51. Ka6 Bb6 52. b4 Bf2 53. Ka5 Bb6+ 54. Ka4 Bd4 55. Kb3 Bf2 56. Kc4 Bd4 57. Kd3 Kd6 58. Ke2 Kc7 59. Kf3 Kb6 60. Bc6 Kc7 61. Kg4 Be3 62. Kf5 Bf4 63. Ke6 Bg3 64. Be8 Bf4 65. Kd5 Kb6 66. Kd6 Bg3 67. Ke6 Bf4 68. Kf5 Kc7 69. Bc6 Kb6 70. Be8 Kc7 71. Bc6 Kb6 72. Be8 1/2-1/2

[Event "Titled Tuesday intern op 06th July"]
[Site "Chess.com INT"]
[Date "2021.07.06"]
[Round "2"]
[White "Jodorcovsky Werjivker, Paulo"]
[Black "Ichimura G Barbosa, Larissa Yuki"]
[Result "1-0"]
[WhiteElo "2197"]
[BlackElo "2007"]
[PlyCount "81"]
[EventDate "2021.07.06"]
[EventType "swiss (blitz)"]
[EventRounds "11"]
[EventCountry "USA"]
[SourceTitle "EXT 2022"]
[Source "ChessBase"]
[SourceDate "2021.10.06"]
[SourceVersion "1"]
[SourceVersionDate "2021.10.06"]
[SourceQuality "1"]

1. d4 Nf6 2. c4 g6 3. Nc3 Bg7 4. e4 d6 5. f4 0-0 6. Nf3 c5 7. d5 e6 8. dxe6 Bxe6 9. Bd3 Nc6 10. f5 Bd7 11. 0-0 Re8 12. Bf4 Nd4 13. Nxd4 cxd4 14. Nd5 Nxe4 15. fxg6 hxg6 16. Qf3 Nc5 17. Bxd6 Nxd3 18. Qxf7+ Kh8 19. Qxg6 Re6 20. Qxd3 Rxd6 21. Rf4 Qg5 22. Raf1 Re8 23. h3 Rg6 24. Qf3 Bc6 25. Rf5 Qh6 26. Rh5 Bxd5 27. cxd5 Re3 28. Rxh6+ Bxh6 29. Qf7 Reg3 30. Qe8+ Rg8 31. Qe5+ R8g7 32. Rf8+ Kh7 33. Qf5+ R3g6 34. Rf6 Be3+ 35. Kf1 Kh6 36. Rxg6+ Rxg6 37. g4 Kg7 38. Ke2 Rf6 39. Qd7+ Kg6 40. Qe8+ Kg5 41. Qe5+ 1-0